000 01035cam a2200277 4500
001 ##E132138
002 ##9391
008 060112n2006 000 0 eng u
020 _a9781842192892
020 _a1842192892
035 _a(Sirsi) u132138
041 0 _aeng
050 0 4 _a711.026 $2 18
100 1 _aSmith, Richard E.
245 0 0 _aCase in point
_bplanning control
_b - development, permission and enforcement
260 _aLondon
_bRICS
_c2006
300 _axxxiv, 220p
_c21cm.
350 _a24 95
490 0 _aRICS Case in Point Series
505 2 _aDevelopment -- Planning permission -- Determining planning applications -- Enforcement.
520 _aWritten specifically with the busy surveyor in mind, this casebook provides clear summaries of both recent and established core planning control cases, and seeks to draw out the implications of these cases for a surveyors' day-to-day practice.
590 _aIKA230506
651 4 _aGREAT BRITAIN
690 _aPlanning and development
_96259
942 _n0
999 _c105034
_d105034